| 000 | 00474nam a22001697a 4500 | ||
|---|---|---|---|
| 003 | CEME | ||
| 005 | 20210628205919.0 | ||
| 008 | 210208b xxu||||| |||| 00| 0 eng d | ||
| 040 | _c. | ||
| 082 | _a297.1229 DAN | ||
| 100 |
_aSiddique, Shafee Haider Shafee Haider Siddique Danish _977449 |
||
| 245 | _aQuran aur maholiyat | ||
| 260 |
_aLAHORE _bDARU-UL-ASHAAT _c1999 |
||
| 300 | _a236P | ||
| 650 |
_aENVIORNMENTIAL TEACHING IN ISLAM ENVIORNMENT _977450 |
||
| 942 |
_cBK _2ddc |
||
| 999 |
_c582715 _d582715 |
||